Asociación colombiana de facultades de ciencias 1995 - 2015 (Registro nro. 302294)

Detalles MARC
000 -ENCABEZADO
Número de control [NR] 00859 a2200229 4500
005 - FECHA Y HORA DE LA ÚLTIMA TRANSACCIÓN
control field 20151210102926.0
008 - DE LONGITUD FIJA DE DATOS DE ELEMENTOS - INFORMACIÓN GENERAL
Elementos de longitud fija [NR] 151210s2015 ck ||||fr|||| 000 0 spa d
020 ## - NUMERO INTERNACIONAL NORMALIZADO PARA LIBROS [R]
Número Internacional Normalizado del libro [NR] [sin ISBN]
040 ## - FUENTE DE CATALOGACION [NR]
Agencia de catalogación original [NR] CO-BoUCM
Idioma de catalogación [NR] spa
Quien Cataloga Sandra Palacio
Quien Clasifica Sandra Palacio
041 0# - CODIGO DE IDIOMA [R]
Código de idioma para texto/pista de sonido o título separado [R] Español
110 1# - ASIENTO PRINCIPAL--NOMBRE CORPORATIVO [NR]
Nombre corporativo o de jurisdicción como elemento de entrada [NR] ACOFACIEN
ID de autoridad 74336
245 10 - MENCION DE TITULO [NR]
Título [NR] Asociación colombiana de facultades de ciencias 1995 - 2015
Parte restante del título [NR] presente proyectado al futuro
260 ## - PUBLICACION, DISTRIBUCION, ETC. (PIE DE IMPRENTA) [R]
Fecha de publicación, distribución, etc. [R] 2015
Nombre del editor, distribuidor, etc. [R] Acofacien
300 ## - DESCRIPCION FISICA [R]
Extensión [R] 65 páginas
610 1# - ASIENTO SECUNDARIO DE MATERIA - NOMBRE CORPORATIVO [R]
Nombre corporativo o nombre de la jurisdicción como elemento de entrada [NR] Asociación Colombiana de Facultades de Ciencias (ACOFACIEN)
9 (RLIN) 74337
650 #7 - ASIENTO SECUNDARIO DE MATERIA - TERMINO TEMATICO [R]
9 (RLIN) 177
Término temático o nombre geográfico como elemento de entrada [NR] Educación superior
Subdivisión general [R] Facultades de ciencias
650 #7 - ASIENTO SECUNDARIO DE MATERIA - TERMINO TEMATICO [R]
9 (RLIN) 177
Término temático o nombre geográfico como elemento de entrada [NR] Educación superior
Subdivisión general [R] Disciplinas
650 #7 - ASIENTO SECUNDARIO DE MATERIA - TERMINO TEMATICO [R]
9 (RLIN) 25978
Término temático o nombre geográfico como elemento de entrada [NR] Universidades
Subdivisión general [R] Facultades de Ciencias
690 ## - ASUNTO AGREGADO LOCAL DE ENTRADA - TÉRMINO TEMÁTICO (OCLC, RLIN)
9 (RLIN) 42799
Acceso temático local Educación superior
942 ## - ELEMENTOS DE ENTRADA AGREGADOS (KOHA)
Sistema de clasificación DEWEY
Tema principal Educación
Tipo de ítem principal el descrito en 300a Libro
Edición 1
Clasificación 378.04
Parte restante de la signatura top. A185as
Existencias
Total préstamos Signatura topográfica Código de barras Última vez visto Ejemplar Costo de reposición Price effective from Tipo de ítem Perdido Sistema de clasificación Dañado No prestable Tipo de ítem específico Suprimido Ubicación habitual Ubicación actual Localización Fecha de creación Proveedor Forma de adquisición Costo
  378.04 A185as 100148558 05/12/2025 Ej.1 26000.00 07/12/2015 Libro   DEWEY     Libro   Claustro Claustro 2do piso 07/12/2015 12 Donación 0.00